1233 1925 1764 1084 1914 1048 1861 1247 1135 1151 1926 1284 1660 1465 1531 1273 1699 1740 1636 1960 1655 1912 1620 1371 1555 1608 1626 1813 1511 1331 1353 1806 1803 1514 1370 1988 1482 1540 1056 1859 1434 1093 1357 1345 1183 1910 1281 1589 1261 1522 1577 1656 1408 1161 1107 1077 1485 1601 1076 1711 1622 1797 1336 1988 1489 1229 1018 1124 1079 1893 1305 1728 1139 1633 1273 1476 1965 1799 1658 1899 1295 1212 1011 1742 1622 1277 1603 1718 1333 1959 1695 1502 1706 1960 1086 1511 1985 1697 1058 BCNSPRNW ULIB Ver.6.0+V

เปลี่ยนเป็นภาษาไทย

Change to English
 แสดงรายละเอียดบรรณานุกรม
  กลับหน้าหลัก

Brief Record : Get Marc (ISO 2709) : E-mail record : QR code < ปิดหน้าต่าง
LEADER : 00000nam 2200000uu 4500
001    13399111707
003     ULIB
008    110706s2550||||th 000 0 tha d
020    9789749997987
050 04 BQ5630.S16^bส773ห 2550
100 0  สุทธิชัย หยุ่น
245 10 หินก้อนที่ 5 :^bประสบการณ์ภาวนาปลด ขันธ์ห้า กับ ติช นัท ฮันห์ /^cสุทธิชัย หยุ่น และสังฆะเครือเนชั่น
250    พิมพ์ครั้งที่ 1
260    กรุงเทพฯ :^bบริษัทเนชั่นมัลติมีเดีย กรุ๊ป,^c2550
300    197 หน้า :^bภาพประกอบ ;^c19 ซม. +^eซีดี-รอม 1 แผ่น (4 3/4)
500    พร้อม วีซีดี "ชีพจรโลกกับสุทธิชัย หยุ่น" ตอน "ติช นัท ฮันห์"
500    เขียนขึ้นจากการเข้าศึกษาภาวนา สู่ศานติ สมานฉันห์ เมื่อ พ.ค. 2550โดยสุทธิชัย หยุ่น และนักข่าว 5 คน ได้รวบรวมบทสัมภาษณ์หลวงปู่นัท ฮันห์ หลวงแม่เจิงคอม และนักบวชหลายรูปจากหมู่บ้านพลัม (จากคำนำของสำนักพิมพ์)
650  7 ขันธ์ 5
650  7 การปฏิบัติธรรม
700 0  นัท ฮันห์,^cติช
700 0  เจิงคอม,^cภิกษุณี
700 0  สุทธิชัย หยุ่น.^tชีพจรโลกกับสุทธิชัย ยุ่น ตอน "ติช นัท ฮันห์"^h[Video recording]
945    ^p235^l0^i022286
995    ทศพร
999 ^a ใช้งานได้ทุกระบบ
รายการนี้ยังไม่มีแท็ก
คุณยังไม่ได้ล็อกอิน คุณสามารถมีกิจกรรมร่วมกับเว็บไซต์ได้ แต่ต้องล็อกอินก่อน ::
  ล็อกอิน

รายการสื่อสารสนเทศ

ลำดับที่ ประเภท เลขเรียก/บาร์โค้ด สถานที่ สถานะ
- ไม่พบข้อมูล -

รายการใกล้เคียง
    หัวเรื่อง [ขันธ์ 5]
    หัวเรื่อง [การปฏิบัติธรรม]

BibComment


ยังไม่เคยถูกคอมเมนท์

คอมเมนท์ทรัพยากรรายการนี้
  คอมเมนท์: หินก้อนที่ 5 ประ..


 Copyright 2026. Bcnsprnw @Library